000 00664nam a22001577a 4500
003 OSt
005 20151004093849.0
008 151004b xxu||||| |||| 00| 0 eng d
040 _cRUA
082 _aAGR សៀក​ 1994 B010 Or.1
100 _91970
_aសៀក, សុលី
245 _aប្រសិទ្ធភាពនៃការប្រើប្រាស់ជីគីំមីអាសូតនិងផូស្វ័រក្នុងលក្ខខណ្ឌនៃកង្វះខាតជីប៉ូតាស្យូមលើដំណាំស្រូវ
260 _aPhnom Penh
_bRUA
_c1994
300 _a67p.
_bill.
_c29cm.
942 _2ddc
_cAGR
999 _c1861
_d1861